LEADER 00901nam--2200313---450- 001 990006011020203316 005 20150224123504.0 035 $a000601102 035 $aUSA01000601102 035 $a(ALEPH)000601102USA01 035 $a000601102 100 $a20150224d1949----km-y0itay50------ba 101 0 $aita 102 $aIT 105 $a||||||||001yy 200 1 $aAntologia leopardiana di poesie e prose$fFerdinando Giannessi 210 $aBrescia$cLa Scuola$dstampa 1949 215 $a239 p.$d20 cm 676 $a858.7 700 1$aLEOPARDI,$bGiacomo$f<1798-1837>$0292683 702 1$aGIANNESSI,$bFerdinando 801 0$aIT$bsalbc$gISBD 912 $a990006011020203316 951 $aXV.9.M. 168$b1300 MAR$cXV.9.M.$d367490 959 $aBK 969 $aMAR 979 $aIANNONE$b90$c20150224$lUSA01$h1235 996 $aAntologia leopardiana di poesie e prose$91076925 997 $aUNISA LEADER 00926nam0-2200325 --450 001 9911008094103321 005 20250617132755.0 010 $a88-420-2935-1 100 $a20250617d1987----kmuy0itay5050 ba 101 0 $aita 102 $aIT 105 $aa ac 001yy 200 1 $aLe Corbusier$fFrancesco Tentori, Rosario De Simone 210 $aRoma$aBari$cEditori Laterza$d1987 215 $a252 p.$cill.$d24 cm 225 0 $aGrandi opere 225 1 $aGuide all'architettura moderna 610 0 $aLe Corbusier$aProgetti$a1920-1930 676 $a720.924 700 1$aTentori,$bFrancesco$f<1931-2009>$010532 701 1$aDe Simone,$bRosario$0541594 801 0$aIT$bUNINA$gREICAT$2UNIMARC 901 $aBK 912 $a9911008094103321 952 $aDE FUSCO 304$bRDF 328$fDARST 952 $aC 1632 CAN$b332/111$fDARPU 959 $aDARST 959 $aDARPU 996 $aLe Corbusier$94394970 997 $aUNINA